000 00621nam a2200157Ia 4500
008 081213s9999 xx 000 0 und d
050 _aBR1443 .T35
_bK64 1991
082 _a276.78
_bKOL
100 _aKolowa, Sebastian Ignatius
245 _aThe impact of the christian church in Tanzania 1885-1985
_cSebastian Ignatius Kolowa
260 _c1991
_aNairobi.
_bBeeline Printing Ltd.
300 _aiv, 63p.
_c21cm.
650 _aChurch history-Tanzania.
942 _cBK
_2lcc
999 _c21455
_d21455